[Event "2nd Sharjah Masters 2018"]
[Site "Sharjah"]
[Date "2018.04.15"]
[Round "5"]
[White "Viani Antonio Dcunha"]
[Black "Kryvoruchko, Yuriy"]
[Result "0-1"]
[WhiteElo "2435"]
[BlackElo "2703"]
[Annotator "TA"]
[PlyCount "119"]
[EventDate "2018.??.??"]
[EventType "swiss"]
[EventCountry "UAE"]
[SourceTitle "playchess.com"]
[Source "ChessBase"]
[SourceQuality "1"]

{[%evp 20,119,0,-24,-38,-31,-31,-43,-17,-93,-50,-50,-50,-50,-56,-51,-43,-71,-69,-93,-39,-90,-47,-60,-45,-39,-49,-74,-72,-71,-71,-75,-75,-77,-79,-78,-37,-52,-56,-91,-95,-136,-128,-133,-135,-157,-153,-135,-127,-137,-110,-136,-111,-113,-100,-107,-18,-18,0,0,0,-8,-8,-22,-22,-68,-72,-71,-62,-112,-112,-364,-364,-350,-350,-350,-350,-337,-112,-112,-69,-231,-262,-309,-299,-172,-172,-1559,-2511,-2137,-1905,-7110,-6187,-29973,-29973,-29981,-29982,-29982,-29983,-29984,-29985,-29980]} 1. e4 c5 2. Nf3 d6 3. Bb5+ Nd7 4. d4 cxd4 5. Qxd4 a6 6. Bxd7+ Bxd7 7. c4 {B51: Sicilian: Moscow Variation (3 Bb5+) without 3...Bd7} (7. Nc3 e5 8. Qd3 Rc8 9. O-O Qc7 10. a4 Be7 11. Rd1 h6 12. Nd2 Nf6 13. Nf1 O-O 14. Ne3 Be6 15. a5 Rfd8 {½-½ (58) Demchenko,A (2660)-Vachier Lagrave,M (2789) Riadh 2017}) 7... Nf6 8. Nc3 g6 9. O-O Bg7 10. b3 O-O 11. Bb2 {LiveBook: 7 Games} b5 12. cxb5 axb5 {[%cal Ba6b5,Bb5b4][%mdl 32]} 13. Rfe1 $146 ({Predecessor:} 13. Qb4 Qa5 14. Qxa5 Rxa5 15. b4 Ra7 {0-1 (49) Rudakov,A (2182)-Saric,A (2565) Split 2013}) 13... Qb8 14. h3 (14. e5 $11 dxe5 15. Nxe5) 14... Rd8 15. e5 dxe5 16. Qxe5 Qxe5 17. Nxe5 b4 18. Ne2 Nd5 19. Nd4 Nf4 (19... Be8 $17 20. Ndf3 f6) 20. Ndf3 (20. Rad1 $1 $15) 20... Bf5 21. a3 Nd3 22. Nxd3 Rxd3 23. Bxg7 Kxg7 24. axb4 Rxa1 25. Rxa1 Rxb3 $15 {[%mdl 4096] Endgame KRB-KRN} 26. Ra7 Kf6 27. Rb7 Rd3 28. Rb6+ e6 29. Kh2 Be4 30. Ng1 Rd2 31. Kg3 {[#]} g5 $1 {Strongly threatening ...h5.} 32. f3 Bd5 33. h4 gxh4+ 34. Kh2 Bc4 {Hoping for ...Bf1.} 35. Rb8 Kg7 36. Nh3 Bf1 37. Nf4 h3 ({Black should try} 37... Rd4 $17 38. Kg1 Bc4) 38. Kxh3 $1 $11 e5 39. Nh5+ Kh6 40. Kh4 {White threatens Rb6+ and mate.} Rxg2 {Threatens to win with ...Rh2+.} 41. Rb6+ Rg6 42. Rf6 Rxf6 43. Nxf6 $15 {KB-KN} Kg6 44. Ne4 f5 {[%cal Bf7f5,Bf5f4][%mdl 32]} 45. Nc3 $2 {[%mdl 8192] [#]} (45. Nd6 $17) 45... f4 $1 $19 46. Ne4 Be2 47. Nd2 Kf5 48. Kh3 Ke6 $2 (48... Bd3 $19 49. Nb3 Bf1+ 50. Kh2 Ke6 51. Nc5+ Kd5) 49. Ne4 $17 h6 {[%cal Bh7h6,Bh6h5,Bh5h4,Bh4h3][%mdl 32]} 50. Kg2 $2 (50. Kg4 $1 $15) 50... Bb5 $19 51. Kh3 Bc6 52. Nd2 Kd5 {aiming for ...Kd4.} 53. Kg4 $2 (53. Nf1) 53... Kd4 54. Kf5 h5 55. Nb3+ Ke3 56. Kxe5 h4 {Black mates.} 57. Nd2 Bb5 58. Ne4 h3 59. Nf6 Kxf3 60. Kd4 {Precision: White = 39%, Black = 57%.} 0-1

[Event "2nd Sharjah Masters 2018"]
[Site "Sharjah"]
[Date "2018.04.15"]
[Round "5"]
[White "Tahbaz, Arash"]
[Black "Mareco, Sandro"]
[Result "0-1"]
[WhiteElo "2434"]
[BlackElo "2645"]
[Annotator "TA"]
[PlyCount "90"]
[EventDate "2018.??.??"]
[EventType "swiss"]
[EventCountry "UAE"]
[SourceTitle "playchess.com"]
[Source "ChessBase"]
[SourceQuality "1"]

{[%evp 21,90,29,18,12,27,20,33,-6,9,0,0,0,0,0,0,-16,-13,-10,0,0,0,0,54,30,39,0,0,-12,0,0,-10,-18,-18,-35,0,-18,0,0,0,-79,-69,-64,-24,-500,-581,-714,-715,-677,-662,-607,-581,-587,-562,-610,-609,-574,-538,-708,-680,-641,-591,-741,-686,-2449,-2508,-2558,-1884,-12841,-12841,-29991,-29992]} 1. e4 c6 2. d4 d5 3. Nd2 dxe4 4. Nxe4 Nf6 5. Nxf6+ exf6 6. c3 Bd6 7. Bd3 O-O 8. Qc2 Re8+ {B15: Caro-Kann: 3 Nc3: 3...g6 and 3...dxe4 4 Nxe4 Nf6 5 Nxf6+ exf6} 9. Ne2 h5 10. Be3 Nd7 11. O-O-O Nf8 {LiveBook: 7 Games} 12. c4 Be6 13. Kb1 Rc8 {[#]} 14. Qd2 $146 ({Predecessor:} 14. h3 h4 15. Rdg1 b5 16. c5 {½-½ (45) Saric,I (2669)-Howell,D (2676) Riadh 2017}) 14... a5 15. c5 Bc7 16. Nc3 b5 17. d5 Bxd5 18. Qe2 {[#] Hoping for Bxb5!} Bf4 $1 {[%mdl 512]} 19. Bxb5 ({Much worse is} 19. Qxh5 Bxe3 20. fxe3 Rxe3 $17) (19. Bxf4 Rxe2) 19... Bxe3 20. Bxc6 $1 Rxc6 21. Rxd5 Qc8 (21... Qb8 $11 22. fxe3 Re5) 22. fxe3 $14 Rxc5 23. Rhd1 (23. Qxh5 $5 {[%cal Rd5c5]} Rxd5 24. Nxd5 $11) 23... h4 24. e4 Rxd5 25. Rxd5 Qc7 26. h3 Rb8 {[#] Strongly threatening ...Qxc3.} 27. Qd2 Ng6 28. Rd7 Qh2 29. a4 Ne5 30. Rd4 (30. Rd8+ $11 {keeps the balance.} Rxd8 31. Qxd8+ Kh7 32. Qd2) 30... Qg1+ $17 31. Nd1 Qf1 {Threatens to win with ...Nc4.} 32. Qxa5 $2 {[%mdl 8192]} (32. Qc2 $11 {and White stays safe.}) 32... Nc6 $19 33. Qc7 Nxd4 34. Qxb8+ Kh7 35. Qb4 Qxd1+ 36. Ka2 Qd3 37. a5 Nc6 38. Qa4 Qd6 39. Qb5 Qe6+ 40. Ka3 Qxe4 41. a6 Qxg2 42. b3 g6 43. Qb7 Qd5 44. b4 Qc4 {( -> ...Nd4)} 45. a7 Nd4 {Precision: White = 45%, Black = 64%.} 0-1

[Event "2nd Sharjah Masters 2018"]
[Site "Sharjah"]
[Date "2018.04.15"]
[Round "5"]
[White "Dimakiling, Oliver"]
[Black "Rakhmanov, Aleksandr"]
[Result "1-0"]
[WhiteElo "2412"]
[BlackElo "2652"]
[Annotator "TA"]
[PlyCount "103"]
[EventDate "2018.??.??"]
[EventType "swiss"]
[EventCountry "UAE"]
[SourceTitle "playchess.com"]
[Source "ChessBase"]
[SourceQuality "1"]

{[%evp 13,103,-17,-10,-21,-22,-32,-30,-36,-29,-9,-18,-43,-52,-47,-22,-32,-30,-23,-13,-27,-1,-8,0,0,36,45,60,29,66,58,46,23,10,-1,0,0,0,-35,0,-16,-19,-54,69,55,67,47,33,-8,0,-10,-25,-35,-18,-75,-54,-85,0,0,93,113,126,100,79,131,219,202,214,92,91,94,85,94,552,495,486,102,131,77,82,80,563,544,624,601,29985,29986,29991,29992,29992,29993,29994,29995]} 1. d4 Nf6 2. Nf3 c5 3. c3 g6 4. g3 b6 5. Bg2 Bb7 6. O-O Bg7 7. a4 {A49: 1 d4 Nf6 2 Nf3 g6 3 g3: Anti-King's Indian systems} (7. dxc5 bxc5 8. Qb3 Qb6 9. Ne5 Qxb3 10. axb3 Bxg2 11. Kxg2 O-O 12. Nd2 d6 13. Nd3 Nc6 14. Ra6 Rfc8 {0-1 (48) Khenkin,I (2554)-Vachier Lagrave,M (2789) Riadh 2017}) 7... O-O {LiveBook: 5 Games} 8. Na3 d6 9. b4 $146 {The position is equal.} ({Predecessor:} 9. Bg5 Nbd7 10. a5 bxa5 11. Nc4 Bd5 12. Nxa5 Qb6 13. dxc5 dxc5 14. b3 Rfd8 {½-½ (36) Machan,J (2294)-Vykouk,J (2424) Kouty nad Desnou 2017}) 9... Nbd7 10. Qb3 Rc8 11. bxc5 dxc5 12. e3 Qc7 13. Bb2 cxd4 14. cxd4 Bd5 15. Qd1 Qb7 16. Qe2 Ne4 17. Rfc1 h6 18. Ne1 Ng5 19. f3 f5 20. Nc4 (20. h4 $5 {[%cal Rh4g5]} Rxc1 21. Rxc1 $14) 20... Rc6 21. Nd2 Rfc8 22. Rxc6 (22. Rcb1 {feels hotter.} Nf6 23. a5 bxa5 24. Bc3 Qd7 25. Bxa5 Bf7 26. f4) 22... Bxc6 23. Bf1 Kh7 24. h4 Nf7 {[%cal Bg5f7,Bf7e5,Be5c4][%mdl 32]} 25. Bh3 Qb8 26. Nf1 Nf6 27. a5 e5 (27... e6 $15) 28. axb6 $14 axb6 29. dxe5 (29. e4 $5 {[%cal Re4f5]} exd4 30. exf5 $16) 29... Nxe5 30. Bd4 Re8 31. Rb1 b5 32. Qc2 {And now Bxe5 would win.} Qd6 33. Kf2 (33. Rc1 $11 Nc4 34. Qf2) 33... Nc4 $17 34. Rd1 {White wants to play h5!} Qe7 (34... Qe6 $17 35. e4 Nh5 36. Bxg7 Nxg7) 35. Ng2 $11 Nd5 {[#]} (35... Kg8 $11) 36. h5 $1 $16 {[%cal Bh4h5,Bh5g6][%mdl 544]} Bxd4 (36... gxh5 37. Qxf5+) 37. hxg6+ Kg7 38. Rxd4 Ra8 (38... Qa7 $16 39. Rxc4 (39. Qxf5 Rf8 $11) 39... bxc4) 39. Bxf5 $18 Ra3 {[%cal Rd5e3]} 40. Be4 (40. Rxd5 $18 Bxd5 41. Nf4) 40... Qa7 $16 {[#] aiming for ...Ra2.} 41. Rxc4 $1 (41. Bxd5 Ra2 $15) (41. Nf4 Nxf4 42. Bxc6 Ra2 $17) 41... bxc4 42. Qxc4 (42. Bxd5 $2 Ra2 $19) 42... Qb7 $2 {[%mdl 8192]} (42... Rc3 $16 {is a better chance.} 43. Qe2 Qa1) 43. Qd4+ Nf6 {[#]} 44. Bxc6 $2 ({Inferior is} 44. Nd2 Bxe4 45. Nxe4 Ra2+ 46. Kg1 Qb2 $11) (44. Nf4 $1 $18 {[%cal Rf4e6] is the precise move to win. Intending Ne6+ and mate.} Ra2+ 45. Kg1 Bxe4 46. Nh5+ (46. fxe4 Qb2 $11) 46... Kxg6 47. Qxf6+ Kh7 48. fxe4) 44... Qxc6 45. Nf4 (45. Qe5 $142 Qe8 46. Qb2) 45... Ra2+ 46. Nd2 {Black must now prevent g4.} Ra5 $2 {[%mdl 8192]} (46... Qd7 $16 {is tougher.} 47. Ke1 (47. Nh5+ Kxg6 48. Qxf6+ Kh7 $11) 47... Qxd4 48. exd4 Ra4) 47. g4 $18 Ra6 48. Ne4 {Strongly threatening Nxf6.} Kf8 49. Qb4+ {White mates.} Kg8 50. Qb3+ Kh8 51. Qf7 Qc2+ 52. Kg3 {Precision: White = 45%, Black = 33%.} 1-0

[Event "2nd Sharjah Masters 2018"]
[Site "Sharjah"]
[Date "2018.04.15"]
[Round "5"]
[White "Assaubayeva, Bibisara"]
[Black "Gagare, Shardul"]
[Result "0-1"]
[WhiteElo "2359"]
[BlackElo "2502"]
[Annotator "TA"]
[PlyCount "100"]
[EventDate "2018.??.??"]
[EventType "swiss"]
[EventCountry "UAE"]
[SourceTitle "playchess.com"]
[Source "ChessBase"]
[SourceQuality "1"]

{[%evp 14,100,12,-29,0,0,0,-110,23,20,0,0,0,7,22,4,0,0,8,4,8,0,0,-14,-21,-118,-129,-204,-171,-414,-290,-378,-331,-312,-325,-322,-308,-344,-346,-331,-324,-295,-280,-287,-297,-409,-431,-597,-597,-583,-558,-1410,-1323,-6119,-5189,-2431,-2342,-2053,-1983,-1895,-1820,-1820,-1721,-1387,-2342,-2095,-1999,-1972,-1903,-1349,-1314,-29983,-29974,-29969,-29963,-29941,-29939,-29936,-12850,-11304,-11189,-5241,-5114,-5114,-5114,-5089,-5081,-29988,-29989]} 1. d4 Nf6 2. c4 e6 3. Nf3 d5 4. Nc3 Be7 5. Bg5 h6 6. Bh4 O-O 7. e3 b6 8. g4 {LiveBook: 19 Games. D58: Queen's Gambit Declined: Tartakower Defence} (8. Bd3 Bb7 9. O-O Nbd7 10. Qe2 c5 11. Rfd1 cxd4 12. Nxd4 Nc5 13. Bxf6 Bxf6 14. cxd5 Bxd4 15. exd4 Nxd3 16. Qxd3 Bxd5 17. Re1 Rc8 18. Rad1 Rc7 19. Qg3 Rd7 {0-1 (62) Salem,A (2638)-Carlsen,M (2837) Riadh 2017}) 8... c5 9. Rg1 Nc6 $146 ({Predecessor:} 9... cxd4 10. Nxd4 Ne4 11. Bxe7 Qxe7 12. cxd5 Nxc3 13. bxc3 exd5 14. g5 hxg5 15. Qh5 g6 16. Rxg5 Kg7 17. Qh4 Qc5 18. Kd2 Nc6 19. Rh5 Nb8 20. Ke1 Rh8 21. c4 dxc4 {1-0 (21) Gonzalez Perez,A (2460)-Franco Alonso,A (2427) Bilbao 2016}) 10. dxc5 (10. g5 $11 Ne4 11. dxc5) 10... Ne4 ({Reject} 10... Bxc5 $6 11. cxd5 exd5 12. Qa4 $11) (10... bxc5 $17 {aiming for ...d4.} 11. cxd5 exd5) 11. Bxe7 Qxe7 12. g5 Nxc3 13. bxc3 h5 $1 14. cxd5 exd5 15. Qxd5 {Hoping for g6.} Rd8 $1 $132 {[%cal Rd8d5][%mdl 2048] Black is fighting back} 16. Qxc6 Bb7 {[%cal Bc8b7,Bb7f3,Bf3e4][%mdl 32]} 17. Qb5 {c6 is the strong threat.} ({Don't go for} 17. Qf6 $2 Qxc5 18. Qe5 Rd5 $19) 17... Bxf3 18. Be2 Be4 19. Kf1 (19. Qc4 $11 {keeps the balance.}) 19... bxc5 $17 20. f3 (20. Qc4 $17 g6 21. f3) 20... Bc2 21. Kf2 $2 (21. e4 {was the only chance.} Rd2 22. Qc4) 21... Rd2 22. Qc4 Bd3 23. Qxd3 Rxd3 24. Bxd3 Qd6 25. Rad1 Qxh2+ 26. Rg2 Qe5 27. g6 Qxc3 {White must now prevent ...Rd8.} 28. gxf7+ Kxf7 29. Be4 Rb8 30. Rg5 Rb2+ 31. Kg3 Qxe3 32. Rd7+ {[#]} Ke6 $1 33. Rgxg7 Qe1+ 34. Kf4 Qc1+ 35. Kg3 {[#]} h4+ $1 36. Kh3 (36. Kxh4 Qf4+) 36... Qh1+ 37. Kg4 Rg2+ 38. Kh5 Rxg7 39. Rxg7 $19 {[%mdl 4096] Endgame KQ-KRB} h3 40. Rg6+ Ke7 41. Rg7+ Kf8 42. Rxa7 Qg2 43. Ra8+ Ke7 44. Ra7+ Kd8 45. Ra8+ Kc7 {( -> ...h2)} 46. Ra7+ Kb6 47. Rb7+ Ka6 48. Rb1 h2 49. Bb7+ Ka7 50. f4 Qxb7 {Precision: White = 24%, Black = 75%.} 0-1

[Event "2nd Sharjah Masters 2018"]
[Site "Sharjah"]
[Date "2018.04.15"]
[Round "5"]
[White "Sadhwani, Raunak"]
[Black "Firouzja, Alireza"]
[Result "1/2-1/2"]
[WhiteElo "2358"]
[BlackElo "2572"]
[Annotator "TA"]
[PlyCount "149"]
[EventDate "2018.??.??"]
[EventType "swiss"]
[EventCountry "UAE"]
[SourceTitle "playchess.com"]
[Source "ChessBase"]
[SourceQuality "1"]

{[%evp 28,149,70,55,86,56,76,56,133,53,122,52,34,20,10,12,18,23,78,77,63,41,59,68,58,0,226,216,225,221,191,220,286,50,49,50,49,45,52,16,20,16,23,0,0,0,0,0,0,0,0,0,0,-10,-8,-8,-8,-8,-4,-18,-12,-15,-24,-30,-26,-37,0,0,-8,-8,0,0,0,0,0,0,0,0,0,-7,-7,-8,0,0,0,0,0,0,0,0,0,0,0,0,0,0,0,0,0,0,0,0,0,0,0,0,0,0,0,0,0,0,0,0,68,68,70,70,70,-8,-8,-8,-8,-8]} 1. e4 c5 2. Nf3 d6 3. d4 cxd4 4. Nxd4 Nf6 5. Nc3 a6 6. Be2 e6 7. g4 h6 8. h4 Nc6 9. Rg1 Nd7 10. g5 hxg5 11. Bxg5 Nf6 12. Qd2 Qb6 13. Nb3 Qc7 14. h5 {B81: Sicilian Scheveningen: Keres Attack} (14. O-O-O b5 15. a3 Bb7 16. f4 O-O-O 17. Kb1 Be7 18. Bf3 Kb8 19. Qf2 Nh5 20. Bxe7 Qxe7 21. e5 d5 22. Bxh5 Rxh5 23. Rxg7 {1-0 (45) Joao,N (2573)-Tirabassi,M (2567) ICCF email 2009}) 14... b5 15. a3 $1 {LiveBook: 3 Games} Nxh5 16. Rh1 {White is better.} g6 17. O-O-O Rg8 $146 (17... Bb7 $14) ({Predecessor:} 17... Bb7 18. Kb1 Ne5 19. Qd4 Rh7 20. f4 Nc4 21. Bxc4 {½-½ (21) Burridge,R (1797)-Eansworth,K (1767) ICCF email 2012}) 18. Rdg1 (18. Rhg1 $16) 18... Bb7 $1 $14 {[#]} 19. Bh4 (19. f4 $1 $16) 19... Rh8 20. Bxh5 Rxh5 21. Bf6 $1 $36 {[%mdl 2048] White is more active.} Bh6 22. f4 {And now Rxh5 would win.} Ne7 (22... Ne5 $1 $11) 23. Rxh5 $16 gxh5 24. Bg7 Bxg7 25. Rxg7 d5 26. f5 (26. Rh7 $14) 26... Qe5 $2 (26... exf5 $11 {and Black stays safe.} 27. exf5 Qe5) 27. Qh6 $18 {[#] Black must now prevent f6.} d4 28. fxe6 {White wants to mate with Qh8+.} O-O-O 29. Nd1 d3 30. c3 $2 (30. exf7 $18 dxc2 31. Nc3) 30... Qd6 $14 ({Don't go for} 30... Qh2 $2 31. Nd2 $18) 31. Rxf7 {aiming for Nf2.} Bxe4 32. Nd2 Bd5 33. Qh7 Nc6 34. Qxh5 Qxe6 35. Rf2 Ne5 36. Qg5 Rg8 37. Qe3 Ng4 38. Qxe6+ Bxe6 39. Rf3 Ne5 40. Rf1 Rg2 41. Rf2 Rg3 42. Rf1 Bg4 43. Ne4 Rg2 44. Ne3 Re2 45. Nxg4 Nxg4 $11 {[%mdl 4096] Endgame KRN-KRN} 46. Nd2 Ne3 47. Rh1 Kd7 48. b3 a5 49. a4 bxa4 50. bxa4 Ke6 51. Rh6+ Ke5 52. Rh5+ Kf4 {Strongly threatening ...Re1+.} 53. Rh4+ Ng4 54. Rh3 Nf2 55. Rf3+ Ke5 56. Rf8 Re1+ 57. Kb2 Re2 58. Kc1 Ke6 59. Re8+ Kd5 60. Rd8+ Kc6 61. Rc8+ Kb7 62. Rf8 Re1+ 63. Kb2 Re2 64. Kc1 Re1+ 65. Kb2 Re2 66. Kc1 Kc7 67. Rf7+ Kd8 68. Rf5 Ke7 69. Rxa5 Re1+ 70. Kb2 Nd1+ ({Black should play} 70... Re2 $11 71. Kc1 Re1+ 72. Kb2 Re2 73. Kc1) 71. Kb3 $14 Re2 72. Nc4 {Hoping for Rd5.} Rc2 73. Rd5 (73. Re5+ $1 $14 Kf6 74. Re1 Nxc3 75. Na3) 73... Rxc3+ $11 74. Kb4 Rxc4+ 75. Kxc4 {Precision: White = 60%, Black = 59%.} 1/2-1/2

[Event "2nd Sharjah Masters 2018"]
[Site "Sharjah"]
[Date "2018.04.15"]
[Round "5"]
[White "Soumya, Swaminathan"]
[Black "Puranik, Abhimanyu"]
[Result "1-0"]
[WhiteElo "2354"]
[BlackElo "2520"]
[Annotator "TA"]
[PlyCount "93"]
[EventDate "2018.??.??"]
[EventType "swiss"]
[EventCountry "UAE"]
[SourceTitle "playchess.com"]
[Source "ChessBase"]
[SourceQuality "1"]

{[%evp 20,93,54,45,41,47,48,56,58,56,93,48,48,27,27,20,41,27,37,37,43,21,25,10,39,6,78,76,81,80,75,68,73,31,55,0,7,0,0,0,0,0,236,0,0,0,4,0,9,13,8,4,127,128,139,139,139,89,92,82,6078,6078,6070,5990,5551,5551,5514,5533,5431,5431,5114,5114,5093,5097,29995,29996]} 1. e4 e5 2. Nf3 Nc6 3. Bb5 a6 4. Ba4 Nf6 5. O-O Be7 6. d3 d6 7. c3 O-O 8. Re1 Nd7 9. d4 {C84: Closed Ruy Lopez: Unusual White 6th moves} (9. Be3 Nb6 10. Bb3 Kh8 11. Nbd2 f5 12. Bxb6 cxb6 13. exf5 Bxf5 14. d4 exd4 15. Nxd4 Nxd4 16. cxd4 Qd7 {0-1 (32) Anand,V (2783)-Caruana,F (2807) Saint Louis 2017}) 9... Bf6 10. Be3 b5 11. Bc2 {LiveBook: 4 Games. White is slightly better.} Bb7 12. a3 $146 ({Find the theoretical novelty and annotate with similar games:} 12. Nbd2 Re8 13. d5 Ne7 14. b3 c6 15. c4 g6 16. b4 Qb8 17. dxc6 Bxc6 {1-0 (59) Svetushkin,D (2588)-Harikrishna,P (2673) Moscow 2007}) 12... Nb6 13. Nbd2 {[%cal Bb1d2,Bd2f1,Bf1g3][%mdl 32]} Re8 14. d5 Nb8 15. Qe2 c6 16. dxc6 Nxc6 17. Rad1 Qc7 18. Nf1 Nc4 19. Bc1 Ne7 20. a4 Red8 21. Ng3 g6 22. Bd3 Rac8 (22... d5 $11) 23. axb5 $16 axb5 24. h4 {[%cal Bh2h4,Bh4h5][%mdl 32]} d5 25. h5 dxe4 26. Bxe4 Nd5 27. Bxd5 Rxd5 28. Rxd5 Bxd5 29. b3 Nd6 30. Ba3 Bh8 $2 (30... Qc6 $11) 31. Nxe5 $2 (31. Qd2 $18 Bxf3 32. Bxd6 (32. gxf3 Nb7 $11) 32... Qxc3 33. Qxc3 Rxc3 34. gxf3) 31... Re8 $11 32. Qd2 Bxe5 33. Qxd5 Bxg3 $1 {[%cal Re8e1] [#]} 34. Rxe8+ Nxe8 35. fxg3 Qxc3 (35... Qxg3 $11 36. Qd4 Qe1+ 37. Kh2 Ng7) 36. Qxb5 $16 Qe3+ 37. Kh2 {[#] Hoping for Qb4.} gxh5 38. Qb4 {[%csl Ga3][%cal Rb4f8]} Kg7 39. Qf8+ Kf6 $2 {[%mdl 8192]} (39... Kg6 $16) 40. Bb2+ $18 Kg6 41. Qg8+ Kf5 42. Qxf7+ Kg5 43. Ba3 h4 44. Be7+ Kg4 45. Bxh4 {White wants to mate with Qd7+.} Qe4 46. Qg8+ Qg6 47. Qd5 {Precision: White = 61%, Black = 34%.} 1-0

[Event "2nd Sharjah Masters 2018"]
[Site "Sharjah"]
[Date "2018.04.15"]
[Round "5"]
[White "Hejazipour, Mitra"]
[Black "Vishnu Prasanna  V"]
[Result "1/2-1/2"]
[WhiteElo "2304"]
[BlackElo "2510"]
[Annotator "TA"]
[PlyCount "109"]
[EventDate "2018.??.??"]
[EventType "swiss"]
[EventCountry "UAE"]
[SourceTitle "playchess.com"]
[Source "ChessBase"]
[SourceQuality "1"]

{[%evp 23,109,13,16,5,6,9,19,0,2,7,12,10,45,-51,-38,-46,-14,-75,77,72,112,59,141,124,207,202,187,197,254,0,105,14,14,14,23,0,0,-6,91,98,88,65,522,520,1151,1147,981,545,816,499,499,500,483,461,496,482,564,592,592,588,591,592,587,582,578,577,571,560,552,536,528,523,506,0,504,0,474,473,472,447,344,0,0,0,319,0,0,0]} 1. d4 Nf6 2. c4 g6 3. Nf3 Bg7 4. g3 O-O 5. Bg2 d6 6. Nc3 c6 7. O-O Na6 8. h3 Re8 9. e4 e5 10. d5 Nc5 11. Qc2 {E69: King's Indian: Fianchetto: 6...Nbd7 7 0-0 e5 8 e4 c6 9 h3} cxd5 12. cxd5 a5 {LiveBook: 4 Games} 13. Re1 Bd7 14. a4 Rc8 15. Qd1 $146 ({Predecessor:} 15. Nd2 Qb6 16. Bf1 Qb4 17. Ra3 Nxa4 18. Rxa4 Rxc3 19. bxc3 Qxa4 20. Qxa4 Bxa4 {0-1 (61) Lakshimi,N (2123)-Rathnakaran,K (2434) Chennai 2013}) 15... Qb6 16. Bf1 Qb4 {[%cal Rc5e4]} 17. Nd2 Bh6 18. Ra3 (18. Nc4 $14 Bxc1 19. Rxc1) 18... Kg7 (18... Nxa4 $5 19. Rxa4 Bxa4 20. Qxa4 Qxa4 21. Nxa4 Rxc1 22. Rxc1 Bxd2 $15) 19. Kg2 Re7 20. f3 {[#]} (20. Qf3 $11 {keeps the balance.} Nxa4 21. Na2 Rxc1 22. Nxb4 Rxe1 23. Nc2 Bxd2 24. Nxe1 Bxe1 25. Qd1) 20... Be8 $2 (20... Nxa4 $1 $17 {[%mdl 512] and life is bright.} 21. Nc4 (21. Rxa4 Bxa4) 21... Bxc1 22. Qxc1 b5 23. Nxa4 bxc4) 21. Na2 $1 $16 {[%cal Ra2b4]} Qd4 {[%cal Re8a4]} (21... Bxa4 $6 22. b3 $16) 22. b3 ({White should play} 22. Nc4 $16 {Bxh6+ is the strong threat.} Qxd1 23. Rxd1) 22... Nxa4 (22... Rec7 $14) 23. Nc4 $1 Bxc1 (23... b5 $16 {was called for.}) 24. Qxd4 $18 exd4 25. Rxc1 Rec7 (25... Nc3 $142) 26. Nxd6 $2 ({Less strong is} 26. Rxa4 Bxa4 27. bxa4 b6 $14) (26. bxa4 $18 b5 27. Nxd6 Rc2+ 28. Rxc2 Rxc2+ 29. Kg1) 26... Rc2+ (26... Rxc1 $11 27. Nxc1 Rc2+ 28. Kg1 Nc5) 27. Rxc2 ({Better is} 27. Kg1 $1 $16 Rxc1 28. Nxc1 Rxc1 29. Nxe8+ Nxe8 30. Rxa4) 27... Rxc2+ $11 28. Kg1 Nc3 $1 {[%cal Rc3a2]} 29. Nxc3 dxc3 30. e5 (30. Nxb7 $2 Rd2 $19) 30... Nxd5 (30... Nd7 $1 $11 31. Nxe8+ Kf8) 31. Nxe8+ $16 Kf8 32. Nf6 Ne3 $2 {[%mdl 8192]} (32... Nxf6 $14 33. exf6 Rd2) 33. Rxa5 $18 Rd2 (33... Kg7 $142 34. Nd5 Nxd5 35. Rxd5 Rb2) 34. Ra8+ Kg7 35. Rg8+ Kh6 36. Ng4+ Nxg4 37. hxg4 {[%mdl 4096] Endgame KRB-KR} ({Weaker is} 37. fxg4 c2 $18) 37... c2 38. Rc8 Kg5 39. b4 {[%cal Bb3b4,Bb4b5][%mdl 32]} b6 40. b5 h5 41. gxh5 Kxh5 42. Rc4 Kg5 43. Rc6 Kh5 44. Rc8 Kg5 45. Rc3 Kh6 46. Rc7 Kg5 47. Rc4 Kh6 48. Rc8 $2 (48. Rc3 $18 {Strongly threatening f4.} Kh5 49. Rc7) 48... Kg5 $2 {[%mdl 8192]} (48... Kh5 $11 {and Black has nothing to worry.} 49. f4 Kg4) 49. Rc6 Kh5 $1 {[#]} 50. f4 $1 Kg4 51. Rc3 Kh5 52. Rc8 Kg4 53. Rc3 Kh5 $1 {[#] intending ...Kg4.} 54. Rc8 $2 (54. Rc4 $1 $18) 54... Kg4 $11 55. Rc3 {Precision: White = 48%, Black = 28%.} 1/2-1/2